[Event "U12 Blitz"]
[Site "austriaU12b"]
[Date "2020.12.11"]
[Round "6"]
[White "Viktor09"]
[Black "Julian64"]
[Result "0-1"]
[WhiteElo "1722"]
[BlackElo "1640"]
[Annotator "NA RC"]
[PlyCount "88"]
[EventDate "2020.12.11"]
[EventType "blitz"]

1. e4 {[%emt 0:00:03]} c5 {[%emt 0:00:06]} 2. Nf3 {[%emt 0:00:02]} e6 {[%emt 0:00:03]} 3. d4 {[%emt 0:00:01]} cxd4 {[%emt 0:00:01]} 4. Nxd4 {[%emt 0:00:00]} a6 {[%emt 0:00:01]} 5. Nc3 {[%emt 0:00:01]} Qc7 {[%emt 0:00:01]} 6. Be3 {[%emt 0:00:07]} Nf6 {[%emt 0:00:08]} 7. Bd3 {[%emt 0:00:02]} Nc6 {[%emt 0:00:25]} 8. O-O {[%emt 0:00:06]} Ne5 {[%emt 0:00:02]} 9. Be2 {[%emt 0:00:08]} b5 {[%emt 0:00:05]} 10. f4 {[%emt 0:00:06]} Nc4 {[%emt 0:00:03]} 11. Bxc4 {[%emt 0:00:16]} Qxc4 {[%emt 0:00:09] Viktor09 reconnected.} 12. e5 {[%emt 0:00:49]} Nd5 {[%emt 0:00:12]} 13. Nxd5 {[%emt 0:00:06]} Qxd5 {[%emt 0:00:03]} 14. b3 {[%emt 0:00:03]} Bb7 {[%emt 0:00:09]} 15. Qd2 {[%emt 0:00:04]} Bb4 {[%emt 0:00:07]} 16. Qf2 {[%emt 0:00:12]} O-O {[%emt 0:00:10]} 17. Rad1 {[%emt 0:00:07]} Qe4 {[%emt 0:00:03]} 18. Nf3 {[%emt 0:00:16]} Bc3 {[%emt 0:00:35]} 19. Rxd7 {[%emt 0:00:17]} Bc6 {[%emt 0:00:03]} 20. Rdd1 {[%emt 0:00:12]} Rfd8 {[%emt 0:00:04]} 21. Ng5 {[%emt 0:00:09]} Qg6 {[%emt 0:00:15]} 22. Bb6 {[%emt 0:00:11]} Rd5 {[%emt 0:00:11]} 23. Rxd5 {[%emt 0:00:08]} Bxd5 {[%emt 0:00:02]} 24. Rd1 {[%emt 0:00:09]} h6 {[%emt 0:00:05]} 25. Nf3 {[%emt 0:00:02]} Rb8 {[%emt 0:00:08]} 26. Bd4 {[%emt 0:00:05]} Bxf3 {[%emt 0:00:14]} 27. Qxf3 {[%emt 0:00:03]} Bxd4+ {[%emt 0:00:02]} 28. Rxd4 {[%emt 0:00:00]} Qxc2 {[%emt 0:00:02]} 29. Qf2 {[%emt 0:00:03]} Qb1+ {[%emt 0:00:03]} 30. Qf1 {[%emt 0:00:03]} Qxa2 {[%emt 0:00:01]} 31. Qd1 {[%emt 0:00:03]} Kh7 {[%emt 0:00:04]} 32. Qd3+ {[%emt 0:00:02]} g6 {[%emt 0:00:01]} 33. Rd7 {[%emt 0:00:02]} Kg7 {[%emt 0:00:01]} 34. Qd6 {[%emt 0:00:02]} Qb1+ {[%emt 0:00:02]} 35. Kf2 {[%emt 0:00:02]} Qc2+ {[%emt 0:00:01]} 36. Ke1 {[%emt 0:00:02]} Rc8 {[%emt 0:00:01]} 37. Qe7 {[%emt 0:00:04]} Qc1+ {[%emt 0:00:02]} 38. Kf2 {[%emt 0:00:02]} Rc2+ {[%emt 0:00:01]} 39. Kf3 {[%emt 0:00:02]} Qf1+ {[%emt 0:00:01]} 40. Ke4 {[%emt 0:00:08]} Qe2+ {[%emt 0:00:01]} 41. Kd4 {[%emt 0:00:01]} Qd2+ {[%emt 0:00:10]} 42. Ke4 {[%emt 0:00:01]} Qe1+ {[%emt 0:00:03]} 43. Kd4 {[%emt 0:00:03]} Qd1+ {[%emt 0:00:10]} 44. Ke4 {[%emt 0:00:03]} Re2+ {[%emt 0:00:01] TimeW} 0-1

[Event "U12 Blitz"]
[Site "austriaU12b"]
[Date "2020.12.11"]
[Round "6"]
[White "Wimmer Michael"]
[Black "Engal"]
[Result "1-0"]
[WhiteElo "1680"]
[BlackElo "1716"]
[Annotator "NA RC"]
[PlyCount "99"]
[EventDate "2020.12.11"]
[EventType "blitz"]

1. e4 {[%emt 0:00:02]} c5 {[%emt 0:00:01]} 2. Nf3 {[%emt 0:00:02]} d6 {[%emt 0:00:03]} 3. d4 {[%emt 0:00:03]} cxd4 {[%emt 0:00:00]} 4. Nxd4 {[%emt 0:00:03]} Nf6 {[%emt 0:00:01]} 5. Nc3 {[%emt 0:00:02]} a6 {[%emt 0:00:01]} 6. Be2 {[%emt 0:00:02]} e5 {[%emt 0:00:04]} 7. Nb3 {[%emt 0:00:02]} Be7 {[%emt 0:00:02]} 8. Be3 {[%emt 0:00:02]} O-O {[%emt 0:00:02]} 9. O-O {[%emt 0:00:02]} Be6 {[%emt 0:00:03]} 10. Qd2 {[%emt 0:00:03]} d5 {[%emt 0:00:26]} 11. exd5 {[%emt 0:00:03]} Nxd5 {[%emt 0:00:00]} 12. Nxd5 {[%emt 0:00:02]} Qxd5 {[%emt 0:00:08]} 13. Qxd5 {[%emt 0:00:04]} Bxd5 {[%emt 0:00:00]} 14. Rad1 {[%emt 0:00:16]} Rd8 {[%emt 0:00:07]} 15. Nc5 {[%emt 0:00:27]} Nc6 {[%emt 0:00:57]} 16. c4 {[%emt 0:00:18]} Be6 {[%emt 0:00:33]} 17. Nxe6 {[%emt 0:00:15]} fxe6 {[%emt 0:00:00]} 18. Bf3 {[%emt 0:00:26]} Nd4 {[%emt 0:00:29]} 19. Bxd4 {[%emt 0:00:38]} exd4 {[%emt 0:00:06]} 20. Bxb7 {[%emt 0:00:04]} Rab8 {[%emt 0:00:06]} 21. Bxa6 {[%emt 0:00:05]} Rxb2 {[%emt 0:00:00]} 22. a4 {[%emt 0:00:03]} e5 {[%emt 0:00:16]} 23. Rfe1 {[%emt 0:00:11]} Bd6 {[%emt 0:00:05]} 24. Bb5 {[%emt 0:00:07]} Rc8 {[%emt 0:00:10]} 25. a5 {[%emt 0:00:07]} Kf7 {[%emt 0:00:07]} 26. a6 {[%emt 0:00:01]} Kf6 {[%emt 0:00:02]} 27. g3 {[%emt 0:00:02]} Bb4 {[%emt 0:00:02]} 28. Re4 {[%emt 0:00:13]} Bc5 {[%emt 0:00:01]} 29. Rh4 {[%emt 0:00:02]} h6 {[%emt 0:00:01]} 30. Kg2 {[%emt 0:00:02]} d3 {[%emt 0:00:01]} 31. Rxd3 {[%emt 0:00:06]} Rxf2+ {[%emt 0:00:00]} 32. Kh3 {[%emt 0:00:01]} Rf1 {[%emt 0:00:02]} 33. Re4 {[%emt 0:00:03]} Ra8 {[%emt 0:00:06]} 34. Rd5 {[%emt 0:00:01]} Bd4 {[%emt 0:00:02]} 35. Rd6+ {[%emt 0:00:01]} Ke7 {[%emt 0:00:01]} 36. Rg6 {[%emt 0:00:01]} Kf7 {[%emt 0:00:01]} 37. Rc6 {[%emt 0:00:01]} Ra7 {[%emt 0:00:01]} 38. Re2 {[%emt 0:00:02]} Rh1 {[%emt 0:00:03]} 39. Kg4 {[%emt 0:00:04]} Rf1 {[%emt 0:00:03]} 40. h4 {[%emt 0:00:02]} g6 {[%emt 0:00:02]} 41. c5 {[%emt 0:00:04]} h5+ {[%emt 0:00:01]} 42. Kh3 {[%emt 0:00:03]} Rh1+ {[%emt 0:00:02]} 43. Kg2 {[%emt 0:00:01]} Rg1+ {[%emt 0:00:01]} 44. Kf3 {[%emt 0:00:01]} Rf1+ {[%emt 0:00:02]} 45. Ke4 {[%emt 0:00:02]} Rd7 {[%emt 0:00:04]} 46. Bc4+ {[%emt 0:00:01]} Ke7 {[%emt 0:00:03]} 47. Rxg6 {[%emt 0:00:01]} Bxc5 {[%emt 0:00:02]} 48. Kxe5 {[%emt 0:00:03]} Bd4+ {[%emt 0:00:03]} 49. Ke4 {[%emt 0:00:02]} Rd6 {[%emt 0:00:03]} 50. Kd3+ {[%emt 0:00:02] TimeB} 1-0

[Event "U12 Blitz"]
[Site "austriaU12b"]
[Date "2020.12.11"]
[Round "6"]
[White "Pernerstorfer_Leo"]
[Black "Schragerlaufer"]
[Result "1-0"]
[WhiteElo "1587"]
[BlackElo "1510"]
[Annotator "NA RC"]
[PlyCount "137"]
[EventDate "2020.12.11"]
[EventType "blitz"]

1. e4 {[%emt 0:00:04]} e5 {[%emt 0:00:02]} 2. Nf3 {[%emt 0:00:01]} Nc6 {[%emt 0:00:03]} 3. Bc4 {[%emt 0:00:02]} Nf6 {[%emt 0:00:01]} 4. d3 {[%emt 0:00:03]} Bc5 {[%emt 0:00:02]} 5. c3 {[%emt 0:00:03]} O-O {[%emt 0:00:04]} 6. O-O {[%emt 0:00:02]} h6 {[%emt 0:00:05]} 7. Be3 {[%emt 0:00:02]} Bb6 {[%emt 0:00:02]} 8. Nbd2 {[%emt 0:00:09]} d6 {[%emt 0:00:02]} 9. h3 {[%emt 0:00:02]} Re8 {[%emt 0:00:18]} 10. Bb3 {[%emt 0:00:03]} Be6 {[%emt 0:00:05]} 11. Bc2 {[%emt 0:00:02]} Qd7 {[%emt 0:00:03]} 12. Bxb6 {[%emt 0:00:12]} axb6 {[%emt 0:00:02]} 13. d4 {[%emt 0:00:01]} exd4 {[%emt 0:00:04]} 14. cxd4 {[%emt 0:00:01]} d5 {[%emt 0:00:20]} 15. e5 {[%emt 0:00:08]} Nh7 {[%emt 0:00:30]} 16. Nb3 {[%emt 0:00:03]} Kh8 {[%emt 0:00:12]} 17. Qd3 {[%emt 0:00:00]} g6 {[%emt 0:00:07]} 18. Rfe1 {[%emt 0:00:32]} Nb4 {[%emt 0:00:11]} 19. Qd2 {[%emt 0:00:18]} Nxc2 {[%emt 0:00:04]} 20. Qxc2 {[%emt 0:00:02]} Bf5 {[%emt 0:00:05]} 21. Qc3 {[%emt 0:00:32]} Be4 {[%emt 0:00:24]} 22. Nbd2 {[%emt 0:00:09]} Bf5 {[%emt 0:00:15]} 23. a3 {[%emt 0:00:07]} c6 {[%emt 0:00:01]} 24. Rac1 {[%emt 0:00:03]} Rad8 {[%emt 0:00:12]} 25. Nh4 {[%emt 0:00:13]} Qe7 {[%emt 0:00:06]} 26. Nxf5 {[%emt 0:00:04]} gxf5 {[%emt 0:00:01]} 27. Qf3 {[%emt 0:00:03]} Qg5 {[%emt 0:00:03]} 28. Nb3 {[%emt 0:00:12]} Rg8 {[%emt 0:00:03]} 29. Kh1 {[%emt 0:00:19]} Rde8 {[%emt 0:00:01]} 30. Rg1 {[%emt 0:00:03]} f6 {[%emt 0:00:10]} 31. Rce1 {[%emt 0:00:19]} fxe5 {[%emt 0:00:03]} 32. Rxe5 {[%emt 0:00:03]} Rxe5 {[%emt 0:00:02]} 33. dxe5 {[%emt 0:00:00]} Re8 {[%emt 0:00:04]} 34. Re1 {[%emt 0:00:01]} Qe7 {[%emt 0:00:05]} 35. Qf4 {[%emt 0:00:02]} Ng5 {[%emt 0:00:02]} 36. Nd4 {[%emt 0:00:03]} c5 {[%emt 0:00:03]} 37. Nxf5 {[%emt 0:00:01]} Qf7 {[%emt 0:00:03]} 38. e6 {[%emt 0:00:05]} Qf6 {[%emt 0:00:03]} 39. g3 {[%emt 0:00:04]} Ne4 {[%emt 0:00:02]} 40. f3 {[%emt 0:00:02]} Ng5 {[%emt 0:00:05]} 41. Qg4 {[%emt 0:00:03]} b5 {[%emt 0:00:04]} 42. Qf4 {[%emt 0:00:02]} d4 {[%emt 0:00:03]} 43. Kg2 {[%emt 0:00:01]} b6 {[%emt 0:00:03]} 44. e7 {[%emt 0:00:01]} c4 {[%emt 0:00:02]} 45. h4 {[%emt 0:00:01]} Rxe7 {[%emt 0:00:02]} 46. Nxe7 {[%emt 0:00:04]} Qxf4 {[%emt 0:00:04]} 47. gxf4 {[%emt 0:00:02]} Nf7 {[%emt 0:00:03]} 48. Re6 {[%emt 0:00:01]} Kg7 {[%emt 0:00:01]} 49. Rxb6 {[%emt 0:00:01]} Kf8 {[%emt 0:00:02]} 50. Nf5 {[%emt 0:00:01]} Ke8 {[%emt 0:00:01]} 51. Rxb5 {[%emt 0:00:01]} Nd8 {[%emt 0:00:01]} 52. Re5+ {[%emt 0:00:02]} Ne6 {[%emt 0:00:01]} 53. Rxe6+ {[%emt 0:00:03]} Kd7 {[%emt 0:00:01]} 54. Rxh6 {[%emt 0:00:01]} Ke8 {[%emt 0:00:01]} 55. Nxd4 {[%emt 0:00:03]} Kf7 {[%emt 0:00:01]} 56. a4 {[%emt 0:00:01]} Ke7 {[%emt 0:00:01]} 57. a5 {[%emt 0:00:01]} Kd7 {[%emt 0:00:00]} 58. a6 {[%emt 0:00:02]} Kc7 {[%emt 0:00:01]} 59. Nb5+ {[%emt 0:00:05]} Kb8 {[%emt 0:00:02]} 60. Rh7 {[%emt 0:00:02]} Ka8 {[%emt 0:00:01]} 61. Nc7+ {[%emt 0:00:04]} Kb8 {[%emt 0:00:01]} 62. Ne6 {[%emt 0:00:02]} Ka8 {[%emt 0:00:01]} 63. f5 {[%emt 0:00:01]} Kb8 {[%emt 0:00:01]} 64. Rc7 {[%emt 0:00:02]} Ka8 {[%emt 0:00:02]} 65. f6 {[%emt 0:00:01]} c3 {[%emt 0:00:02]} 66. bxc3 {[%emt 0:00:02]} Kb8 {[%emt 0:00:01]} 67. f7 {[%emt 0:00:01]} Ka8 {[%emt 0:00:05]} 68. h5 {[%emt 0:00:04]} Kb8 {[%emt 0:00:02]} 69. f8=Q# {[%emt 0:00:03] Mate Mate} 1-0

[Event "U12 Blitz"]
[Site "austriaU12b"]
[Date "2020.12.11"]
[Round "6"]
[White "junglespeed"]
[Black "AdrianFischer"]
[Result "1-0"]
[WhiteElo "1577"]
[BlackElo "1716"]
[Annotator "NA RC"]
[PlyCount "81"]
[EventDate "2020.12.11"]
[EventType "blitz"]

1. e4 {[%emt 0:00:07]} c5 {[%emt 0:00:02]} 2. Nf3 {[%emt 0:00:01]} Nc6 {[%emt 0:00:02]} 3. Nc3 {[%emt 0:00:01]} d6 {[%emt 0:00:02]} 4. g3 {[%emt 0:00:01]} g6 {[%emt 0:00:05]} 5. Bg2 {[%emt 0:00:01]} Bg7 {[%emt 0:00:01]} 6. d3 {[%emt 0:00:02]} e6 {[%emt 0:00:01]} 7. Bd2 {[%emt 0:00:05]} Nge7 {[%emt 0:00:01]} 8. a3 {[%emt 0:00:01]} O-O {[%emt 0:00:01]} 9. Rb1 {[%emt 0:00:02]} b6 {[%emt 0:00:02]} 10. Ne2 {[%emt 0:00:01]} Bb7 {[%emt 0:00:01]} 11. b4 {[%emt 0:00:02]} cxb4 {[%emt 0:00:05]} 12. axb4 {[%emt 0:00:02]} Qc7 {[%emt 0:00:14]} 13. b5 {[%emt 0:00:02]} Nd8 {[%emt 0:00:10]} 14. c4 {[%emt 0:00:06]} a6 {[%emt 0:00:01]} 15. Bc3 {[%emt 0:00:03]} axb5 {[%emt 0:00:03]} 16. Bxg7 {[%emt 0:00:12]} Kxg7 {[%emt 0:00:02]} 17. Rxb5 {[%emt 0:00:03]} Bc6 {[%emt 0:00:01]} 18. Rb1 {[%emt 0:00:03]} Nb7 {[%emt 0:00:01]} 19. Ned4 {[%emt 0:00:03]} e5 {[%emt 0:00:05]} 20. Nxc6 {[%emt 0:00:04]} Nxc6 {[%emt 0:00:01]} 21. O-O {[%emt 0:00:05]} Nc5 {[%emt 0:00:08]} 22. d4 {[%emt 0:00:04]} exd4 {[%emt 0:00:04]} 23. Nxd4 {[%emt 0:00:01]} Kg8 {[%emt 0:00:13]} 24. Nb5 {[%emt 0:00:05]} Qe7 {[%emt 0:00:06]} 25. e5 {[%emt 0:00:04]} dxe5 {[%emt 0:00:08]} 26. Bxc6 {[%emt 0:00:04]} Rac8 {[%emt 0:00:04]} 27. Bd5 {[%emt 0:00:09]} Rfd8 {[%emt 0:00:02]} 28. Qf3 {[%emt 0:00:12]} Kg7 {[%emt 0:00:19]} 29. Rfe1 {[%emt 0:00:10]} f6 {[%emt 0:00:23]} 30. Rbd1 {[%emt 0:00:03]} h6 {[%emt 0:00:26]} 31. Bb7 {[%emt 0:00:07]} Rxd1 {[%emt 0:00:05]} 32. Rxd1 {[%emt 0:00:06]} Rd8 {[%emt 0:00:02]} 33. Rxd8 {[%emt 0:00:09]} Qxd8 {[%emt 0:00:03]} 34. Bd5 {[%emt 0:00:02]} f5 {[%emt 0:00:07]} 35. Qe3 {[%emt 0:00:06]} Nd7 {[%emt 0:00:09]} 36. f4 {[%emt 0:00:06]} Qe7 {[%emt 0:00:13]} 37. fxe5 {[%emt 0:00:06]} Qe8 {[%emt 0:00:09]} 38. e6 {[%emt 0:00:03]} Nc5 {[%emt 0:00:02]} 39. Qe5+ {[%emt 0:00:10]} Kh7 {[%emt 0:00:02]} 40. Qc7+ {[%emt 0:00:03]} Kh8 {[%emt 0:00:08]} 41. e7 {[%emt 0:00:09] TimeB} 1-0

[Event "U12 Blitz"]
[Site "austriaU12b"]
[Date "2020.12.11"]
[Round "6"]
[White "Robert_III"]
[Black "Roehrer Moritz"]
[Result "1-0"]
[WhiteElo "1564"]
[BlackElo "1624"]
[Annotator "NA RC"]
[PlyCount "57"]
[EventDate "2020.12.11"]
[EventType "blitz"]

1. e4 {[%emt 0:00:38]} e6 {[%emt 0:00:03]} 2. d4 {[%emt 0:00:02]} d5 {[%emt 0:00:01]} 3. Nd2 {[%emt 0:00:01]} c5 {[%emt 0:00:03]} 4. dxc5 {[%emt 0:00:05]} Bxc5 {[%emt 0:00:02]} 5. Ngf3 {[%emt 0:00:03]} dxe4 {[%emt 0:00:04]} 6. Nxe4 {[%emt 0:00:02]} Qxd1+ {[%emt 0:00:02]} 7. Kxd1 {[%emt 0:00:01]} Bb6 {[%emt 0:00:02]} 8. Nd6+ {[%emt 0:00:09]} Kd7 {[%emt 0:00:14]} 9. Nxf7 {[%emt 0:00:03]} Nh6 {[%emt 0:00:05]} 10. Nxh8 {[%emt 0:00:02]} Ke7 {[%emt 0:00:06]} 11. Bd3 {[%emt 0:00:31]} Kf8 {[%emt 0:00:05]} 12. Bxh7 {[%emt 0:00:03]} Ng4 {[%emt 0:00:04]} 13. Ng6+ {[%emt 0:00:11]} Kf7 {[%emt 0:00:02]} 14. Nge5+ {[%emt 0:00:02]} Nxe5 {[%emt 0:00:04]} 15. Nxe5+ {[%emt 0:00:00]} Kf6 {[%emt 0:00:05]} 16. Ng4+ {[%emt 0:00:04]} Kf7 {[%emt 0:00:10]} 17. Ke2 {[%emt 0:00:05]} g6 {[%emt 0:00:03]} 18. Ne5+ {[%emt 0:00:09]} Kg7 {[%emt 0:00:06]} 19. Bxg6 {[%emt 0:00:02]} Kf6 {[%emt 0:00:01]} 20. f4 {[%emt 0:00:13]} Nc6 {[%emt 0:00:04]} 21. Nxc6 {[%emt 0:00:04]} bxc6 {[%emt 0:00:01]} 22. Be4 {[%emt 0:00:01]} Ba6+ {[%emt 0:00:04]} 23. Kf3 {[%emt 0:00:03]} Rc8 {[%emt 0:00:04]} 24. Be3 {[%emt 0:00:03]} c5 {[%emt 0:00:03]} 25. Rad1 {[%emt 0:00:04]} c4 {[%emt 0:00:02]} 26. Bxb6 {[%emt 0:00:06]} axb6 {[%emt 0:00:04]} 27. Rd6 {[%emt 0:00:02]} c3 {[%emt 0:00:02]} 28. Rxb6 {[%emt 0:00:09]} Bc4 {[%emt 0:00:05]} 29. b3 {[%emt 0:00:07] Roehrer Moritz resigns} 1-0

[Event "U12 Blitz"]
[Site "austriaU12b"]
[Date "2020.12.11"]
[Round "6"]
[White "Maier Tobias"]
[Black "Uhtred08"]
[Result "1-0"]
[WhiteElo "1526"]
[BlackElo "1527"]
[Annotator "NA"]
[PlyCount "47"]
[EventDate "2020.12.11"]
[EventType "blitz"]

1. e4 {[%emt 0:00:13]} e5 {[%emt 0:00:02]} 2. Nf3 {[%emt 0:00:04]} Nc6 {[%emt 0:00:02]} 3. Bc4 {[%emt 0:00:02]} Bc5 {[%emt 0:00:03]} 4. d3 {[%emt 0:00:03]} Nf6 {[%emt 0:00:03]} 5. Bg5 {[%emt 0:00:02]} d6 {[%emt 0:00:05]} 6. Nc3 {[%emt 0:00:02]} Bg4 {[%emt 0:00:04]} 7. Nd5 {[%emt 0:00:03]} h6 {[%emt 0:00:12]} 8. Bxf6 {[%emt 0:00:13]} gxf6 {[%emt 0:00:05]} 9. c3 {[%emt 0:00:02]} Rg8 {[%emt 0:00:19]} 10. b4 {[%emt 0:00:04]} Be6 {[%emt 0:00:03]} 11. bxc5 {[%emt 0:00:08]} Rxg2 {[%emt 0:00:11]} 12. Qe2 {[%emt 0:00:23]} Bxd5 {[%emt 0:00:02]} 13. exd5 {[%emt 0:00:12]} Ne7 {[%emt 0:00:02]} 14. O-O-O {[%emt 0:00:15]} Qd7 {[%emt 0:00:04]} 15. Kb1 {[%emt 0:00:20]} O-O-O {[%emt 0:00:05]} 16. Ka1 {[%emt 0:00:03]} Qa4 {[%emt 0:00:04]} 17. c6 {[%emt 0:00:13]} bxc6 {[%emt 0:00:16]} 18. dxc6 {[%emt 0:00:02]} Nxc6 {[%emt 0:00:03]} 19. Bxf7 {[%emt 0:00:06]} Qa3 {[%emt 0:00:04]} 20. Be6+ {[%emt 0:00:03]} Kb8 {[%emt 0:00:02]} 21. Rb1+ {[%emt 0:00:07]} Ka8 {[%emt 0:00:01]} 22. Bd5 {[%emt 0:00:24]} Qa6 {[%emt 0:00:12]} 23. Qb2 {[%emt 0:00:13]} Qa4 {[%emt 0:00:25]} 24. Qb7# {[%emt 0:00:06] Mate Mate} 1-0

[Event "U12 Blitz"]
[Site "austriaU12b"]
[Date "2020.12.11"]
[Round "6"]
[White "BaurechtJunior"]
[Black "Marty McFly"]
[Result "0-1"]
[WhiteElo "1523"]
[BlackElo "1633"]
[Annotator "NA RC"]
[PlyCount "92"]
[EventDate "2020.12.11"]
[EventType "blitz"]

1. e4 {[%emt 0:00:06]} e5 {[%emt 0:00:02]} 2. Nf3 {[%emt 0:00:02]} Nc6 {[%emt 0:00:01]} 3. Bc4 {[%emt 0:00:02]} Bc5 {[%emt 0:00:01]} 4. b4 {[%emt 0:00:01]} Bxb4 {[%emt 0:00:03]} 5. c3 {[%emt 0:00:01]} Bc5 {[%emt 0:00:01]} 6. O-O {[%emt 0:00:02]} Nf6 {[%emt 0:00:02]} 7. d4 {[%emt 0:00:03]} exd4 {[%emt 0:00:02]} 8. cxd4 {[%emt 0:00:02]} Be7 {[%emt 0:00:02]} 9. e5 {[%emt 0:00:04]} Ne4 {[%emt 0:00:07]} 10. Re1 {[%emt 0:00:08]} Ng5 {[%emt 0:00:02]} 11. Nxg5 {[%emt 0:00:03]} Bxg5 {[%emt 0:00:02]} 12. Ba3 {[%emt 0:00:02]} Be7 {[%emt 0:00:02]} 13. Qb3 {[%emt 0:00:05]} Bxa3 {[%emt 0:00:04]} 14. Bxf7+ {[%emt 0:00:03]} Kf8 {[%emt 0:00:01]} 15. Nxa3 {[%emt 0:00:02]} Nxd4 {[%emt 0:00:06]} 16. Qc4 {[%emt 0:00:09]} Ne6 {[%emt 0:00:08]} 17. Bxe6 {[%emt 0:00:03]} dxe6 {[%emt 0:00:01]} 18. Rad1 {[%emt 0:00:03]} Qe7 {[%emt 0:00:02]} 19. Nb5 {[%emt 0:00:03]} c6 {[%emt 0:00:03]} 20. Nd4 {[%emt 0:00:03]} Kf7 {[%emt 0:00:05]} 21. Re3 {[%emt 0:00:07]} Rd8 {[%emt 0:00:03]} 22. Rf3+ {[%emt 0:00:04]} Ke8 {[%emt 0:00:05]} 23. Rfd3 {[%emt 0:00:09]} Bd7 {[%emt 0:00:07]} 24. Qc2 {[%emt 0:00:10]} Qg5 {[%emt 0:00:19]} 25. Qb3 {[%emt 0:00:12]} Qxe5 {[%emt 0:00:13]} 26. Nxe6 {[%emt 0:00:06]} Bxe6 {[%emt 0:00:05]} 27. Rxd8+ {[%emt 0:00:11]} Rxd8 {[%emt 0:00:02]} 28. Rxd8+ {[%emt 0:00:02]} Kxd8 {[%emt 0:00:01]} 29. Qb1 {[%emt 0:00:02]} Bf5 {[%emt 0:00:07]} 30. Qd1+ {[%emt 0:00:03]} Kc7 {[%emt 0:00:02]} 31. Kf1 {[%emt 0:00:19]} Qb5+ {[%emt 0:00:07]} 32. Kg1 {[%emt 0:00:23]} Qd3 {[%emt 0:00:07]} 33. Qc1 {[%emt 0:00:05]} Qc2 {[%emt 0:00:09]} 34. Qf4+ {[%emt 0:00:04]} Kb6 {[%emt 0:00:05]} 35. h3 {[%emt 0:00:06]} Qd1+ {[%emt 0:00:18]} 36. Kh2 {[%emt 0:00:03]} Qd5 {[%emt 0:00:02]} 37. Qb4+ {[%emt 0:00:06]} Kc7 {[%emt 0:00:02]} 38. Qf4+ {[%emt 0:00:02]} Kc8 {[%emt 0:00:05]} 39. Qh4 {[%emt 0:00:21]} Qe5+ {[%emt 0:00:09]} 40. g3 {[%emt 0:00:05]} Qe2 {[%emt 0:00:06]} 41. Qd4 {[%emt 0:00:06]} Be4 {[%emt 0:00:14]} 42. h4 {[%emt 0:00:13]} Qe1 {[%emt 0:00:04]} 43. Kh3 {[%emt 0:00:03]} Qh1+ {[%emt 0:00:08]} 44. Kg4 {[%emt 0:00:02]} Qf3+ {[%emt 0:00:07]} 45. Kh3 {[%emt 0:00:02]} h5 {[%emt 0:00:15]} 46. Qe3 {[%emt 0:00:15]} Qh1# {[%emt 0:00:03] Mate Mate} 0-1

[Event "U12 Blitz"]
[Site "austriaU12b"]
[Date "2020.12.11"]
[Round "6"]
[White "Tobinator13"]
[Black "JoniFei"]
[Result "0-1"]
[WhiteElo "1341"]
[BlackElo "1515"]
[Annotator "NA"]
[PlyCount "122"]
[EventDate "2020.12.11"]
[EventType "blitz"]

1. e4 {[%emt 0:00:03]} c5 {[%emt 0:00:05]} 2. Bc4 {[%emt 0:00:04]} Nc6 {[%emt 0:00:02]} 3. Nf3 {[%emt 0:00:04]} d6 {[%emt 0:00:01]} 4. Ng5 {[%emt 0:00:02]} e6 {[%emt 0:00:03]} 5. O-O {[%emt 0:00:09]} Qxg5 {[%emt 0:00:05]} 6. d3 {[%emt 0:00:08]} Qd8 {[%emt 0:00:08]} 7. Nc3 {[%emt 0:00:03]} Nf6 {[%emt 0:00:06]} 8. Bg5 {[%emt 0:00:06]} Be7 {[%emt 0:00:05]} 9. a3 {[%emt 0:00:14]} h6 {[%emt 0:00:02]} 10. Bxf6 {[%emt 0:00:03]} Bxf6 {[%emt 0:00:02]} 11. Re1 {[%emt 0:00:16]} Bxc3 {[%emt 0:00:04]} 12. bxc3 {[%emt 0:00:03]} Qf6 {[%emt 0:00:02]} 13. Rb1 {[%emt 0:00:04]} b6 {[%emt 0:00:05]} 14. Qg4 {[%emt 0:00:14]} Bd7 {[%emt 0:00:17]} 15. f4 {[%emt 0:00:24]} Qxc3 {[%emt 0:00:09]} 16. f5 {[%emt 0:00:12]} Qd4+ {[%emt 0:00:10]} 17. Kh1 {[%emt 0:00:10]} exf5 {[%emt 0:00:21]} 18. exf5+ {[%emt 0:00:04]} Kd8 {[%emt 0:00:03]} 19. Qxd4 {[%emt 0:00:23]} Nxd4 {[%emt 0:00:02]} 20. Bxf7 {[%emt 0:00:04]} Nxc2 {[%emt 0:00:03]} 21. Rec1 {[%emt 0:00:03]} Nxa3 {[%emt 0:00:02]} 22. Ra1 {[%emt 0:00:05]} Nb5 {[%emt 0:00:07]} 23. Be6 {[%emt 0:00:11]} Bxe6 {[%emt 0:00:04]} 24. fxe6 {[%emt 0:00:01]} Re8 {[%emt 0:00:02]} 25. Re1 {[%emt 0:00:02]} Nd4 {[%emt 0:00:02]} 26. e7+ {[%emt 0:00:03]} Rxe7 {[%emt 0:00:02]} 27. Rxe7 {[%emt 0:00:01]} Kxe7 {[%emt 0:00:03]} 28. Re1+ {[%emt 0:00:01]} Kf6 {[%emt 0:00:03]} 29. Rf1+ {[%emt 0:00:02]} Ke5 {[%emt 0:00:04]} 30. Re1+ {[%emt 0:00:02]} Kd5 {[%emt 0:00:02]} 31. Rf1 {[%emt 0:00:06]} Ne6 {[%emt 0:00:05]} 32. Rf5+ {[%emt 0:00:05]} Kd4 {[%emt 0:00:02]} 33. Rf7 {[%emt 0:00:07]} Kxd3 {[%emt 0:00:03]} 34. Rxg7 {[%emt 0:00:02]} Nxg7 {[%emt 0:00:02]} 35. Kg1 {[%emt 0:00:06]} Rf8 {[%emt 0:00:00]} 36. h3 {[%emt 0:00:02]} Nf5 {[%emt 0:00:02]} 37. Kh1 {[%emt 0:00:02]} Ne3 {[%emt 0:00:02]} 38. Kh2 {[%emt 0:00:03]} Rf1 {[%emt 0:00:01]} 39. Kg3 {[%emt 0:00:03]} Nf5+ {[%emt 0:00:02]} 40. Kg4 {[%emt 0:00:03]} Ke4 {[%emt 0:00:04]} 41. Kh5 {[%emt 0:00:05]} Ng3+ {[%emt 0:00:04]} 42. Kxh6 {[%emt 0:00:04]} Rf6+ {[%emt 0:00:09]} 43. Kg7 {[%emt 0:00:04]} Nh5+ {[%emt 0:00:02]} 44. Kg8 {[%emt 0:00:03]} Ke5 {[%emt 0:00:03]} 45. Kh7 {[%emt 0:00:02]} Ke6 {[%emt 0:00:02]} 46. h4 {[%emt 0:00:03]} Rf7+ {[%emt 0:00:04]} 47. Kg6 {[%emt 0:00:02]} Nf4+ {[%emt 0:00:03]} 48. Kg5 {[%emt 0:00:02]} Nxg2 {[%emt 0:00:01]} 49. h5 {[%emt 0:00:02]} Nf4 {[%emt 0:00:02]} 50. h6 {[%emt 0:00:01]} Rh7 {[%emt 0:00:12]} 51. Kxf4 {[%emt 0:00:03]} Rxh6 {[%emt 0:00:00]} 52. Kg3 {[%emt 0:00:02]} a5 {[%emt 0:00:03]} 53. Kf3 {[%emt 0:00:02]} a4 {[%emt 0:00:00]} 54. Ke2 {[%emt 0:00:01]} a3 {[%emt 0:00:00]} 55. Kd2 {[%emt 0:00:01]} a2 {[%emt 0:00:00]} 56. Kc3 {[%emt 0:00:01]} a1=Q+ {[%emt 0:00:01]} 57. Kc4 {[%emt 0:00:01]} Qd4+ {[%emt 0:00:01]} 58. Kb5 {[%emt 0:00:01]} Rh3 {[%emt 0:00:01]} 59. Kxb6 {[%emt 0:00:02]} Rb3+ {[%emt 0:00:01]} 60. Kc7 {[%emt 0:00:01]} c4 {[%emt 0:00:06]} 61. Kc6 {[%emt 0:00:02]} Qc5# {[%emt 0:00:01] Mate Mate} 0-1